<The> Battle for Investment Survival

Na minha lista:
Detalhes bibliográficos
Autor principal: Loeb, Gerald M.
Formato: Livro
Idioma:inglês
Publicado em: New York Simon and Schuster 1965
Edição:1. ed.
Tags: Adicionar Tag
Sem tags, seja o primeiro a adicionar uma tag!

MARC

LEADER 00000nam a2200000 4500
001 c033169
005 20221220101408.4
041 0 |a eng 
044 |a US 
245 1 0 |a <The> Battle for Investment Survival  |c Gerald M. Loeb 
250 |a 1. ed. 
264 1 |a New York  |b Simon and Schuster  |c 1965 
300 |a 320 s. 
100 1 |a Loeb, Gerald M.